• 首页
  • 本馆介绍
  • 公告通知
  • 最新文献
  • 馆藏检索
  • 电子资源
  • 读者导购
  • 参考咨询
  • 我的图书馆
  • 登录
  • 详细信息显示
  • 放入我的书架
  • 预约/预借图书
  • 作者相关作品
  • 分类相关作品
  • 丛书相关作品
  • 出版社相关作品

书目信息

  • 表格格式
  • 工作单格式
  • 卡片格式
题名:
战后东南亚史
    
 
作者: 卡迪 , Cady 著 ;姚楠 译
分册:  
出版信息: 上海   上海译文出版社  1984
页数: 661页
开本: 21cm
丛书名: 中国社会科学院北京大学南亚研究所东南亚丛书
单 册:
中图分类: K330.5 , K33
科图分类:
主题词: 现代史-东南亚 , 东南亚--历史
电子资源:
ISBN:
000 00911nam2 2200325 45
001 0184012412
005 20040512090626.9
010    @dCNY2.85
091    @a11188.36
100    @a19950420d1984 em y0chiy0121 ea
101 1  @achi@ceng
102    @aCN@b310000
105    @ay z 000yy
106    @ar
200 10 @a战后东南亚史@Azhan hou dong nan ya shi@f(美)卡迪(Cady,J.F.)著@g姚楠等译
210    @a上海@c上海译文出版社@d1984
215    @a661页@d21cm
225 2  @a中国社会科学院北京大学南亚研究所东南亚丛书
410  0 @120010@a中国社会科学院北京大学南亚研究所东南亚丛书
606    @a现代史-东南亚
606 0  @a东南亚@x历史
607    @a东南亚-现代史
690    @aK330.5@v3
690    @aK33
701  1 @a卡迪@Aka di@bJ.F.@4著
701 A1 @aCady@bJ.F.@4著
702  0 @a姚楠@Ayao nan@4译
801  0 @aCN@b上海图书馆@c20040512
801  2 @aCN@bNLC@c20040512
905    @f1@b121825@dK33@e2
    
    战后东南亚史/(美)卡迪(Cady,J.F.)著/姚楠等译.-上海:上海译文出版社,1984
    661页;21cm.-(中国社会科学院北京大学南亚研究所东南亚丛书)
    
    
    ISBN :CNY2.85
    
●
相关链接 在E读中查询图书 在五车中查询图书 在当当中查询图书 在豆瓣中查询图书


正题名:战后东南亚史     索取号:K33/2         预约/预借

序号 登录号 条形码 馆藏地/架位号 状态 备注
1 0121825   001396732   第二借阅区/ [索取号:K33/2] 在馆    
2 0121826   001396322   第二样本阅览室/ [索取号:K33/2] 在馆    
唐山师范学院图书馆 欢迎您!
大连网信软件有限公司© 版权所有